000 00823na a2200241 4500
001 13327
003 MIRAKIL
005 20181213155009.0
008 161010b tu 000 0
020 _a9751921554
035 _a13327
040 _aMilas
_btur
_cTR-AnCHP
041 _atur
082 _a305.4
_bK22t 1998
090 _a305.4 K22t 1998
110 _aT.C. Başbakanlık Kadının Statüsü ve Sorunları Genel Müdürlüğü
245 _aT.B.M.M kadın statüsünü araştırma komisyonu raporu
_cKadının Statüsü ve Sorunları Genel Müdürlüğü
260 _aAnkara
_bKadının Statüsü ve Sorunları Genel Müdürlüğü
_c1998
300 _a239 s.
_c20 sm.
650 _aTBMM
_xAraştırma komisyonu
_yKadınlar
650 _aKadının statüsü
_xTBMM
_yKomisyon raporları
942 _2ddc
_cBKS
999 _c4533
_d4533